000 01450cad a22002655a 4500
001 L138832
008 070713s2007 xxkd f 000 0 eng d
035 _a(Sirsi) u138832
041 0 _aeng
050 0 4 _a333.337 $2 18
110 2 _aColliers International Property Consultants
_91881
245 0 0 _aEMEA investment market overview
_bfirst half 2007
_h[electronic resource]
260 _aLondon
_bColliers
_c2007
490 0 _aColliers EMEA Investment Market Overview
_vFirst Half 2007
520 _aWith property returns outperforming equity and bond markets over the last few years, demand for real estate properties from investors inside and outside the region continues to exceed supply. The largest investment markets remain France, Germany and the UK, although the Netherlands and Turkey clocked up some major transactions in the first half of 2007, and the Middle East and Eastern Europe are winning larger shares of the market. The investment market throughout EMEA is dominated by office transactions, with retail transactions in second place.
590 _aKA
650 2 4 _aCOLLIERS EMEA INVESTMENT MARKET OVERVIEW
651 4 _aEurope
651 4 _aMiddle East
651 4 _aSouth Africa
690 _aPROPERTY-COMMERCIAL PROPERTY-COMMERCIAL PROPERTY MARKET
690 _aPROPERTY-INVESTMENT PROPERTY
856 4 0 _uhttps://www.colliers.com
_zView the market overview free of charge at www.colliers.com...
942 _n0
_2ddc
999 _c107256
_d107256